Online katalóg knižníc regiónu Turca

Giulia (Record no. 22034)

MARC details
000 -LEADER
fixed length control field 01407cam a2200397 a 4500
001 - CONTROL NUMBER
control field 22034
003 - CONTROL NUMBER IDENTIFIER
control field VRT
005 - DATE AND TIME OF LATEST TRANSACTION
control field 20260318091136.0
008 - FIXED-LENGTH DATA ELEMENTS--GENERAL INFORMATION
fixed length control field 240315s1992 xo 0000f slo
015 ## - NATIONAL BIBLIOGRAPHY NUMBER
National bibliography number SNBA1992/07
020 ## - INTERNATIONAL STANDARD BOOK NUMBER
International Standard Book Number 8022203777
020 ## - INTERNATIONAL STANDARD BOOK NUMBER
Qualifying information (brož.)
035 ## - SYSTEM CONTROL NUMBER
System control number SNK000011327
039 #9 - LEVEL OF BIBLIOGRAPHIC CONTROL AND CODING DETAIL [OBSOLETE]
Level of rules in bibliographic description 202405282046
Level of effort used to assign nonsubject heading access points csnk01
Level of effort used to assign subject headings 202405282044
Level of effort used to assign classification csnk01
Level of effort used to assign subject headings 202405271926
Level of effort used to assign classification AUTHORITY
Level of effort used to assign subject headings 202405271920
Level of effort used to assign classification AUTHORITY
040 ## - CATALOGING SOURCE
Original cataloging agency SNK
Language of cataloging slo
Transcribing agency SNK
Description conventions AACR2
041 1# - LANGUAGE CODE
Language code of text/sound track or separate title slo
Language code of original ita
044 ## - COUNTRY OF PUBLISHING/PRODUCING ENTITY CODE
MARC country code xo
ISO country code SK
080 ## - UNIVERSAL DECIMAL CLASSIFICATION NUMBER
Universal Decimal Classification number 850-3
Edition identifier 1981
100 1# - MAIN ENTRY--PERSONAL NAME
Personal name Casati Modignani, Sveva,
Dates associated with a name 1938-
Relationship aut
240 10 - UNIFORM TITLE
Uniform title Disperatamente Giulia
Language of a work Slovensky
245 10 - TITLE STATEMENT
Title Giulia
Statement of responsibility, etc. Sveva Casati Modignani ; z talianskeho originálu Disperatamente Giulia ... preložila Eva Mikulajová
250 ## - EDITION STATEMENT
Edition statement 1. vyd.
260 ## - PUBLICATION, DISTRIBUTION, ETC.
Place of publication, distribution, etc. Bratislava
Name of publisher, distributor, etc. Tatran
Date of publication, distribution, etc. 1992
Place of manufacture Bratislava
Manufacturer Svornosť
300 ## - PHYSICAL DESCRIPTION
Extent 316 s.
Dimensions 20 cm
655 #7 - INDEX TERM--GENRE/FORM
Genre/form data or focus term talianske romány
Source of term SNKPH
700 1# - ADDED ENTRY--PERSONAL NAME
Personal name Mikulajová, Eva,
Dates associated with a name 1925-1997
Relationship trl
942 ## - ADDED ENTRY ELEMENTS (KOHA)
Source of classification or shelving scheme Dewey Decimal Classification
Koha item type Krásna literatúra pre dospelých
Suppress in OPAC No
949 ## - LOCAL PROCESSING INFORMATION (OCLC)
6 3869A09203
a bpksh850-3
b bpksh56225
949 ## - LOCAL PROCESSING INFORMATION (OCLC)
6 17A0064837
9 P60, <05>, [BOOK], {605}
a snkSD 64251 D1
949 ## - LOCAL PROCESSING INFORMATION (OCLC)
6 270001000046809
a svkbbA 79714
b svkbbm 569019
949 ## - LOCAL PROCESSING INFORMATION (OCLC)
6 4710702082
9 1
a strmkB
b strmk2008/2082
949 ## - LOCAL PROCESSING INFORMATION (OCLC)
6 17A1044858
a snkSD 64251
949 ## - LOCAL PROCESSING INFORMATION (OCLC)
6 273K0184804
a svkpoA 155855
b svkpo384056
o PV 4126/92
Holdings
Stav vyradenia Strata Poškodenie Spôsob nadobudnutia Domovská knižnica Aktuálna knižnica Dátum nadobudnutia Total checkouts Čiarový kód exemplára Date last seen Typ exemplára
      Dar Obecná knižnica Turčianska Štiavnička Obecná knižnica Turčianska Štiavnička 18.03.2026   4738000520 18.03.2026 Krásna literatúra pre dospelých
Projekt je podporený Slovenskou asociáciou knižníc
Prevádzkuje Turčianska knižnica Martin 2026